The whole hog : exploring the extraordinary potential of pigs /

محفوظ في:

المؤلف الرئيسي: Watson, Lyall (مؤلف)

التنسيق: كتاب

اللغة: English

الموضوعات:

الوسوم: إضافة وسم

لا توجد وسوم, كن أول من يضع وسما على هذه التسجيلة!

رقم الطلب: QL737 .U58 W28 2004

LEADER 00888namaa2200241 4500
001 15413
003 OSt
005 20210728102629.0
008 130303s2004 duca g b 001 0 eng d
952 |0 0  |1 0  |2 lcc  |4 0  |6 QL0737 U58 W28 02004  |7 1  |9 17210  |a ARCE  |b ARCE  |d 2021-07-28  |l 0  |o QL737 .U58 W28 2004  |p 1039117  |r 2021-07-28 00:00:00  |w 2021-07-28  |y BK 
999 |c 14038  |d 14038 
010 |a 2004052248 
040 |c ARCE Library 
050 0 4 |a QL737 .U58 W28 2004 
100 1 |a Watson, Lyall,  |e author 
245 1 4 |a The whole hog :  |b exploring the extraordinary potential of pigs /  |c Lyall Watson. 
264 1 |a Washington :  |b Smithsonian Books,  |c 2004. 
300 |a 208 pages :  |b illustrations (some color) ;  |c 26 cm. 
504 |a Includes bibliographical references (pages 194-205) and index. 
650 0 |a Human-animal relationships. 
650 0 |a Suidae  |x Behavior.  |9 7573 
901 |a reviewed 
942 |c BK  |2 lcc